| Поле | Название | Значение |
| |
Тип записи |
a |
| |
Библиографический уровень |
m |
| 001 |
Контрольный номер |
RU/URAIT/587728 |
| 005 |
Дата корректировки |
20260429163642.9 |
| 008 |
Кодируемые данные |
260429s2026 RU y f j 000 0 rus u |
| 020 |
Индекс ISBN |
__ |
| a |
ISBN |
978-5-534-19295-7 |
| c |
Цена, тираж |
639.00 |
| 040 |
Источник каталогиз. |
__ |
| a |
Служба первич. каталог. |
ИКО Юрайт |
| c |
Служба, преобразующая запись |
ИКО Юрайт |
| e |
Правила каталог. |
RCR |
| 041 |
Код языка издания |
__ |
| a |
Код языка текста |
rus |
| 044 |
Код страны публикации |
__ |
| a |
Код страны публикации |
RU |
| 080 |
Индекс УДК |
__ |
| a |
Индекс УДК |
796(075.8) |
| 084 |
Индекс другой классификации/Индекс ББК |
__ |
| 2 |
Источник индекса |
rubbk |
| a |
Индекс другой классификации/Индекс ББК |
75я73 |
| 100 |
Автор |
__ |
| a |
Автор |
Кондаков В. Л. |
| q |
Полное имя |
Кондаков Виктор Леонидович |
| 245 |
Заглавие |
__ |
| a |
Заглавие |
Самостоятельная работа студента по физической культуре |
| b |
Продолж. заглавия |
учебник для вузов |
| c |
Ответственность |
В. Л. Кондаков [и др.] ; под редакцией В. Л. Кондакова. |
| 250 |
Сведения об издании |
__ |
| g |
|
испр. и доп |
| a |
Основные сведения об издании |
2-е изд. |
| 256 |
Характеристики компьютерного файла |
__ |
| a |
Характеристики компьютерного файла |
Электрон. дан. |
| 260 |
Выходные данные |
__ |
| a |
Место издания |
Москва |
| b |
Издательство |
Юрайт |
| c |
Дата издания |
2026 |
| 300 |
Физическое описание |
__ |
| a |
Объем |
148 с |
| 440 |
Серия |
__ |
| a |
Серия |
Высшее образование |
| 500 |
Примечания |
__ |
| a |
Примечание |
URL: https://urait.ru/bcode/587728 (дата обращения: 29.04.2026). |
| 520 |
Аннотация |
__ |
| a |
Аннотация |
Курс посвящен вопросам использования средств оздоровительной физической культуры в процессе физического воспитания студентов. Раскрыты роль, значение и необходимость самостоятельных занятий физической культурой. Приведены тематика занятий, цели, задачи, способы реализации. Эти рекомендации помогут студентам, аспирантам, преподавателям начать самостоятельные занятия физической культурой. Соответствует актуальным требованиям Федерального государственного образовательного стандарта высшего образования. Для преподавателей физической культуры высших учебных заведений РФ, а также студентов, осваивающих дисциплины «Физическая культура и спорт» и «Элективные дисциплины по физической культуре и спорту». |
| 538 |
Прим. о системных особенностях |
__ |
| a |
Прим. о системных особенностях |
Режим доступа: Электронно-библиотечная система Юрайт, для авториз. пользователей |
| 653 |
Ключевые слова |
__ |
| a |
Ключевые слова |
Физическая культура |
| 653 |
Ключевые слова |
__ |
| a |
Ключевые слова |
Гуманитарные науки |
| 653 |
Ключевые слова |
__ |
| a |
Ключевые слова |
Самостоятельная работа студента по физической культуре |
| 700 |
Другие авторы |
__ |
| a |
Другие авторы |
Копейкина Е. Н. |
| q |
Полное имя |
Копейкина Евгения Николаевна |
| 700 |
Другие авторы |
__ |
| a |
Другие авторы |
Усатов А. Н. |
| q |
Полное имя |
Усатов Александр Николаевич |
| 700 |
Другие авторы |
__ |
| a |
Другие авторы |
Балышева Н. В. |
| q |
Полное имя |
Балышева Наталья Владимировна |
| 700 |
Другие авторы |
__ |
| a |
Другие авторы |
Бочарова В. И. |
| q |
Полное имя |
Бочарова Валерия Игоревна |
| 856 |
Электронный адрес документа |
40 |
| n |
Местонахождение сервера |
Юрайт |
| g |
|
Электронная книга |
| q |
Тип электронного формата |
html |
| h |
Имя пользователя |
ЮРАЙТ |
| v |
Часы доступа к ресурсу |
20271231 |
| 2 |
Способ доступа |
Показать документ |
| x |
Служебное примечание |
https://urait.ru/book/cover/8475DD85-50A8-448B-AC15-5B0354555C02 |
| u |
URL |
https://urait.ru/bcode/587728 |
| 856 |
Электронный адрес документа |
48 |
| q |
Тип электронного формата |
cover |
| u |
URL |
https://urait.ru/book/cover/8475DD85-50A8-448B-AC15-5B0354555C02 |
| 911 |
|
__ |
| u |
|
0030=https://urait.ru/bcode/587728 |
| 911 |
|
__ |
| u |
|
073a=9785534192957 |
| u |
|
073d=639.00 |
| 911 |
|
__ |
| u |
|
106a=s |
| 911 |
|
__ |
| u |
|
900l= |
| 952 |
Тип литературы |
__ |
| i |
Дисциплина |
Самостоятельная работа студента по физической культуре |